000 00560cam a2200205ua 4500
003 OSt
008 250823b |||||||| |||| 00| 0 eng d
041 _aeng
082 _a627.52
_bVAR/TH
100 _aVarshrey, R S .
_97750
245 _aTheory and design of irrigation strueturs /
260 _aNew Delhi :
_bNem Chand And Bros ,
_c1982.
300 _a720 ; .
700 1 _aGupta, R.L .
_96411
700 1 _aGupta, R.L .
_96411
700 1 _aGupta, S.C .
_91448
700 1 _aGuptha , S.C .
_97751
700 1 _aVarshney, R.S .
_96410
942 _cBK
999 _c2754
_d2754